000 01852 a2200265 4500
001 38535
005 20260407155648.0
008 260407a1993 arg spa d
003 AR-UNSa-BCEJYS
040 _aAR-UNSa-BCEJYS
_bspa
_cAR-UNSa-BCEJYS
080 _a658.8.012.12
_xInvestigación de mercados
245 1 0 _aInvestigación de mercados
_pun enfoque aplicado
020 _a958-600-124-5
250 _a4a. ed.
264 1 _aBogotá :
_bMcGraw-Hill
_c1993
300 _axiv, 812 p.
_c27 cm.
505 _a1. El papel de la investigación de meracedos en la gerencia de mercadeo - 2. El negocio de la investigación de mercados - 3. El proceso de investigación de mercados: concepto y ejemplo - 4. La decisión de llevarla a cabo la investigación - 5. Diseño de la investigación y fuentes de datos - 6. Datos secundarios - 7. El proceso de medición - 8. Medición de actitudes - 9. Diseños cuasales - 10. Métodos de recolección de datos - 12. Fundamentos del muestreo - 13. Muestreo aleatorio simple y tamaño de la muestra - 14. Procedimientos mas complejos de muestreo - 15. Operaciones de campo - 16. Prodceidimientos de datos - 17. Análisis univariado de datos - 18. Análisais bivariado de datos - 19. Análisis multivariado de datos I: Métodos de interdependencia - 20. Análisis multivariado de datos II:métodos de dependencia - 21. Informe sobre los hallazgos de la investigación - 22. Medición y pronóstico de la demnada - 23. Investigación de productos y prueba de mercadeo - 24.0 Investigación publicitaria - 25. Investigación de distribución y precios.
942 _cBK
590 _aniveau_biblio:m niveau_hierar:0
100 1 _aRosas Lopetegui, Gloria Elizabeth
700 1 _aKinnear, Thomas C.
700 1 _aTaylor, James R.
700 1 _aTiznado Santana, Marco Antonio
700 1 _aLondoño, Juan Gonzalo
999 _c2895
_d2895